Memoria sobre la industria y legislación de pesca (Record no. 164404)

MARC details
000 -LEADER
campo de control de longitud fija 00771nam a22001935i 4500
001 - NÚMERO DE CONTROL
campo de control 164404
003 - IDENTIFICADOR DE NÚMERO DE CONTROL
campo de control ES-MaACL
005 - FECHA Y HORA DE LA ÚLTIMA TRANSACCIÓN
campo de control 20251120143433.0
008 - DATOS DE LONGITUD FIJA--INFORMACIÓN GENERAL
campo de control de longitud fija 951113s1876 sp |||| | spa d
245 00 - MENCIÓN DEL TÍTULO
Título Memoria sobre la industria y legislación de pesca
Resto del título : que comprende desde el año 1870 al 1874 /
Mención de responsabilidad, etc. redactada... por Javier de Salas y Francisco García Solá.
260 ## - PUBLICACIÓN, DISTRIBUCIÓN, ETC.
Lugar de publicación, distribución, etc. Madrid :
Nombre del editor, distribuidor, etc. [s.n.],
Fecha de publicación, distribución, etc. 1876 (
Fabricante Imp. de T. Fortanet)
300 ## - DESCRIPCIÓN FÍSICA
Extensión LXI, 741 p., [2] h. pleg. ;
Dimensiones 25 cm.
650 #4 - PUNTO DE ACCESO ADICIONAL DE MATERIA--TÉRMINO DE MATERIA
Término de materia o nombre geográfico como elemento de entrada Pesca-
Subdivisión general Derecho-
Subdivisión geográfica España.
9 (RLIN) 170628
650 #4 - PUNTO DE ACCESO ADICIONAL DE MATERIA--TÉRMINO DE MATERIA
Término de materia o nombre geográfico como elemento de entrada Industria pesquera-
Subdivisión geográfica España.
9 (RLIN) 156860
700 1# - ENTRADA AGREGADA--NOMBRE PERSONAL
Nombre de persona Salas, Francisco Javier de,
Fechas asociadas al nombre 1832-1890
9 (RLIN) 151213
700 1# - ENTRADA AGREGADA--NOMBRE PERSONAL
Nombre de persona García Solá, Francisco.
9 (RLIN) 55307
852 ## - LOCALIZACIÓN
Ubicación ES-MaACL
Número de control de estantería G-11433
Nota libre - Enc. hol.
Holdings
Estatus retirado Estado de pérdida Estado de daño No para préstamo Colección Biblioteca de origen Biblioteca actual Ubicación en estantería Fecha de adquisición Fuente de adquisición Total de préstamos Signatura topográfica completa Código de barras Visto por última vez Precio de reemplazo Tipo de ítem Koha
        Libros del s. XIX Biblioteca del Ateneo de Madrid Biblioteca del Ateneo de Madrid Sala Pecera Planta 3 17/01/2008     G-11433 1172322 23/02/2023 23/02/2023 Libro impreso antiguo